000 00849cam a2200229 4500
001 ABS62366
008 000000n2000 000 0 eng u
035 _a(Sirsi) u106138
100 _aHamson, L
245 _aTogether in perfect harmony
260 _c2000
490 _aProperty Week
_v64(19) 12 May 2000, 42-46(5)
520 _aArticle discusses the challenges of long-term relationships between agents and their high-profile clients, how surveying's top young performers are transferring their knowledge to other careers, and how surveyors with specialist experience are being sought by firms.
590 _aABS
600 _aSURVEYING FIRMS
650 _aCAREER OPPORTUNITIES
650 _aCLIENTS
650 _aAGENTS
650 _aRELATIONSHIPS
690 _aMANAGEMENT-BUSINESS MANAGEMENT-PROFESSIONAL PRACTICE
942 _n0
999 _c63588
_d63588